|
|
|
|
| LEADER |
00000cam a2200000 7i4500 |
| 001 |
0000003563 |
| 005 |
20190218093000.0 |
| 008 |
021118n |
| 020 |
|
|
|a 0195833287
|
| 090 |
0 |
0 |
|a QP321
|b .R829
|
| 100 |
0 |
|
|a Ruby Husain ,
|e author
|
| 245 |
0 |
0 |
|a Fisiologi manusia 1 :
|b saraf dan otot
|c Ruby Husain, Raman A., Lam S. K.
|
| 260 |
2 |
|
|a Petaling Jaya :
|b Fajar Bakti ,
|c 1983
|
| 300 |
|
|
|a 141 ms. : ill. ; ;
|c 22 sm.
|
| 650 |
|
0 |
|a Muscle
|
| 650 |
|
0 |
|a Nerves
|
| 700 |
0 |
|
|a Lam, S. K. ,
|e author
|
| 700 |
0 |
|
|a Raman, A. [
|q (Aravamudhan)] ,
|e author
|
| 999 |
|
|
|a 1000032736
|b Book
|c OPEN SHELF (30 DAYS)
|e Gong Badak Campus
|